000 00423nam a22001697a 4500
003 CEME
005 20210628205508.0
008 210305b xxu||||| |||| 00| 0 eng d
020 _a0-02-668090-4
040 _c.
082 _a600 FAL'T
100 _aFales, James F Kuetemeyer Vincent F
_975797
245 _aTechnology today and tommorow
260 _aNEWYORK
_bGLENCO
_c1988
300 _a448P EACH
942 _cBK
_2ddc
999 _c581200
_d581200